=LDR 00000nam 2200000 4500 =001 INLIS000000000007629 =005 20130612095609 =008 ***********************************Ind** =035 ##$$0010-061300000007629 =041 ##$$a Ind =082 ##$$a 005.369 =090 ##$$a 005.369, San m =100 ##$$a Santriono =245 ##$$a Menggunakan fungsi-fungsi rumus dengan lotus 123 quattro pro dan MS Excel, Santriono =260 ##$$a 1997 $b Jakarta =300 ##$$a v, 110 hlm, ilus, 21 cm =650 ##$$a Komputer-Rumus